000 00206 a2200085 4500
020 _a9780500342107
100 _aJAMES STEELE
245 _aECOLOGICAL ARCHITECTURE: A CRITICAL HISTORY
260 _bTHAMES & HUDSON
999 _c13101
_d13101